Nguyên tắc phân loại và danh pháp động vật Giáo trình cao học ngành Sinh học
Các nguyên tắc phân loại động vật. Phương pháp phân loại động vật. Luật quốc tế về danh pháp động vật.
Đã lưu trong:
| 主要作者: | |
|---|---|
| 格式: | 圖書 |
| 語言: | Vietnamese |
| 出版: |
H.
Khoa học Tự nhiên và Công nghệ
2007
|
| 主題: | |
| 標簽: |
添加標簽
沒有標簽, 成為第一個標記此記錄!
|
| Thư viện lưu trữ: | Mạng thư viện Đại học Đà Nẵng |
|---|
| LEADER | 01435aam a22003618a 4500 | ||
|---|---|---|---|
| 001 | 000016656 | ||
| 003 | 13059 | ||
| 005 | 20121129141124.0 | ||
| 008 | 121129s2007 viesd | ||
| 020 | |c 65000đ |d 750b | ||
| 041 | 0 | |a vie | |
| 082 | 1 | 4 | |2 14 |a 590 |b NG-C |
| 100 | 1 | |a Nguyễn Ngọc Châu | |
| 245 | 1 | 0 | |a Nguyên tắc phân loại và danh pháp động vật |b Giáo trình cao học ngành Sinh học |c Nguyễn Ngọc Châu |
| 260 | |a H. |b Khoa học Tự nhiên và Công nghệ |c 2007 | ||
| 300 | |a 307 tr. |b bảng, hình vẽ |c 24 cm. | ||
| 500 | |a ĐTTS ghi: Viện Khoa học và Công nghệ Việt Nam | ||
| 504 | |a Thư mục: tr. 287-288 | ||
| 520 | |a Các nguyên tắc phân loại động vật. Phương pháp phân loại động vật. Luật quốc tế về danh pháp động vật. | ||
| 650 | 7 | |2 Bộ TK TVQG |a Sinh học | |
| 650 | 7 | |2 Bộ TK TVQG |a Phân loại | |
| 650 | 7 | |2 Bộ TK TVQG |a Động vật | |
| 655 | 7 | |2 Bộ TK TVQG |a Giáo trình | |
| OWN | |a LSP | ||
| AVA | |a UDN50 |b LSP |d 590 NG-C |e available |t Error 5001 Not defined in file expand_doc_bib_avail. |f 4 |g 0 |h N |i 0 |k 1 | ||
| 999 | |a From the UDN01 | ||
| AVA | |a UDN50 |b LSP |d 590 NG-C |e available |t Error 5001 Not defined in file expand_doc_bib_avail. |f 4 |g 0 |h N |i 0 |k 1 | ||
| TYP | |a Monograph | ||
| TYP | |a Printed language | ||
| 980 | |a Mạng thư viện Đại học Đà Nẵng | ||